000 01096cam a2200133 4500500
005 20260329023207.0
041 _afre
042 _adc
100 1 0 _aGrataloup, Christian
_eauthor
245 0 0 _aIntroduction à la géohistoire
260 _bArmand Colin,
_c2023.
520 _aLa « géohistoire », expression née sous la plume de Fernand Braudel, s’intéresse aux interactions entre les dimensions géographique et historique pour proposer une analyse des sociétés sur le temps long et à différentes échelles. À l’ère de la mondialisation, le croisement des perspectives spatiales et temporelles prend toute son importance et devient presque une nécessité. Ce manuel pédagogique propose une mise au point simple et critique sur les outils d’interface entre histoire et géographie. Assortie de cartes originales et de nombreuses définitions, cette introduction, première du genre, révèle toute la fécondité de l’approche géohistorique.
856 4 1 _uhttps://shs.cairn.info/introduction-a-la-geohistoire--9782200636371?lang=fr&redirect-ssocas=7080
999 _c1925386
_d1925386